[Event "CRO-chT1A 25th"]
[Site "Sibenik"]
[Date "2016.10.13"]
[Round "6.3"]
[White "Jukic, Zdenko"]
[Black "Dutina, Dario"]
[Result "1-0"]
[WhiteElo "2314"]
[BlackElo "2304"]
[PlyCount "81"]
[EventDate "2016.10.08"]
[EventType "team-tourn"]
[EventRounds "9"]
[EventCountry "CRO"]
[SourceTitle "EXT 2017"]
[Source "ChessBase"]
[SourceDate "2016.10.25"]
[SourceVersion "1"]
[SourceVersionDate "2016.10.25"]
[SourceQuality "1"]
[WhiteTeam "Vukovar 91"]
[BlackTeam "Sesvete Sljeme"]
[WhiteTeamCountry "CRO"]
[BlackTeamCountry "CRO"]

1. e4 e5 2. Nc3 Nf6 3. g3 Bb4 4. Bg2 0-0 5. Nge2 c6 6. d4 d6 7. 0-0 Nbd7 8. h3 Re8 9. a3 Ba5 10. b4 Bc7 11. d5 Nb6 12. Qd3 Qe7 13. Be3 cxd5 14. Nxd5 Nbxd5 15. exd5 e4 16. Qb3 Bf5 17. c4 Nd7 18. Nd4 Bg6 19. Nb5 Bb8 20. Nc3 Kh8 21. Bd4 f5 22. Ne2 Bf7 23. g4 fxg4 24. hxg4 Qg5 25. Qg3 Nf6 26. Nc3 Bg6 27. Rae1 a5 28. Bxf6 Qxf6 29. Nxe4 Qd4 30. Nxd6 Bxd6 31. Qxd6 axb4 32. Rxe8+ Rxe8 33. axb4 Qxc4 34. Qd7 Qxb4 35. d6 h6 36. Bxb7 Rf8 37. Bg2 Qb6 38. Qe7 Rf7 39. Qe8+ Kh7 40. d7 Rxf2 41. Rxf2 1-0

[Event "CRO-chT"]
[Site "Bol"]
[Date "2013.09.17"]
[Round "4.3"]
[White "Rogulj, Branko"]
[Black "Jukic, Zdenko"]
[Result "1-0"]
[WhiteElo "2405"]
[BlackElo "2266"]
[PlyCount "77"]
[EventDate "2013.09.14"]
[EventType "team-tourn"]
[EventRounds "9"]
[EventCountry "CRO"]
[SourceTitle "CBM 156 Extra"]
[Source "ChessBase"]
[SourceDate "2013.10.22"]
[SourceVersion "1"]
[SourceVersionDate "2013.10.22"]
[SourceQuality "1"]
[WhiteTeam "Zagreb Zagreb"]
[BlackTeam "Vukovar 91"]
[WhiteTeamCountry "CRO"]
[BlackTeamCountry "CRO"]

1. e4 d5 2. exd5 Nf6 3. d4 Nxd5 4. c4 Nf6 5. Nc3 c6 6. Nf3 Bg4 7. Be3 e6 8. h3 Bxf3 9. Qxf3 Bb4 10. Be2 0-0 11. 0-0 Nbd7 12. Rfd1 Qc7 13. c5 Bxc3 14. bxc3 b6 15. Bf4 Qc8 16. Bd6 Re8 17. Rab1 bxc5 18. dxc5 a5 19. g4 h6 20. h4 Nf8 21. g5 hxg5 22. hxg5 N6h7 23. Qg2 e5 24. Bg4 Qa6 25. Bf5 Qc4 26. Qe4 Qxa2 27. Qxc6 Nxg5 28. Qg2 Nfe6 29. Bxe5 Qe2 30. Bg3 Nf3+ 31. Kh1 Neg5 32. Bf4 Ne4 33. Be3 Ra6 34. Rf1 Ned2 35. Qh3 g6 36. Bg4 f5 37. Bd4 fxg4 38. Qh8+ Kf7 39. Rb7+ 1-0

[Event "CRO-chT"]
[Site "Bol"]
[Date "2013.09.14"]
[Round "2.4"]
[White "Fercec, Nenad"]
[Black "Jukic, Zdenko"]
[Result "1/2-1/2"]
[WhiteElo "2484"]
[BlackElo "2266"]
[PlyCount "81"]
[EventDate "2013.09.14"]
[EventType "team-tourn"]
[EventRounds "9"]
[EventCountry "CRO"]
[SourceTitle "CBM 156 Extra"]
[Source "ChessBase"]
[SourceDate "2013.10.22"]
[SourceVersion "1"]
[SourceVersionDate "2013.10.22"]
[SourceQuality "1"]
[WhiteTeam "Rijeka Rijeka"]
[BlackTeam "Vukovar 91"]
[WhiteTeamCountry "CRO"]
[BlackTeamCountry "CRO"]

1. e4 d5 2. exd5 Nf6 3. d4 Nxd5 4. Nf3 c6 5. c4 Nf6 6. h3 Bf5 7. Nc3 e6 8. Bd3 Bxd3 9. Qxd3 Na6 10. 0-0 Qc7 11. a3 Rd8 12. Qe2 Be7 13. Bg5 0-0 14. Rad1 Rfe8 15. Rfe1 h6 16. Bh4 Qf4 17. Qe5 Qf5 18. Qe3 g5 19. g4 Qh7 20. Bg3 Bf8 21. Ne5 Nb8 22. f4 gxf4 23. Qxf4 Be7 24. Rf1 Nbd7 25. Bh4 Qg7 26. Kh1 Nxe5 27. dxe5 Rxd1 28. exf6 Rxf1+ 29. Qxf1 Bxf6 30. Bxf6 Qg6 31. Qf3 Qc2 32. Qf4 Kh7 33. Bd4 Qg6 34. Ne4 Rd8 35. Qe5 c5 36. Bc3 h5 37. h4 hxg4 38. h5 Qh6 39. Nf6+ Kh8 40. Nxg4+ f6 41. Qxf6+ 1/2-1/2

[Event "CRO-chT1B 21st"]
[Site "Sibenik"]
[Date "2012.09.26"]
[Round "4.1"]
[White "Ciganovic, Nikola"]
[Black "Jukic, Zdenko"]
[Result "1-0"]
[WhiteElo "2293"]
[BlackElo "2294"]
[PlyCount "53"]
[EventDate "2012.09.23"]
[EventType "team-tourn"]
[EventRounds "7"]
[EventCountry "CRO"]
[SourceTitle "CBM 150 Extra"]
[Source "ChessBase"]
[SourceDate "2012.10.19"]
[SourceVersion "1"]
[SourceVersionDate "2012.10.19"]
[SourceQuality "1"]
[WhiteTeam "Pula"]
[BlackTeam "Vukovar"]
[WhiteTeamCountry "CRO"]
[BlackTeamCountry "CRO"]

1. e4 d5 2. exd5 Qxd5 3. Nc3 Qd8 4. d4 Nf6 5. Nf3 Bf5 6. Bc4 e6 7. Ne5 Nbd7 8. Qf3 Qc8 9. Nxd7 Nxd7 10. Bf4 c6 11. 0-0-0 Nb6 12. Bb3 Qd7 13. g4 Bg6 14. d5 cxd5 15. Nxd5 exd5 16. Bxd5 Nxd5 17. Rxd5 Qc6 18. Re1+ Be7 19. Rxe7+ Kxe7 20. Qa3+ Ke8 21. Re5+ Qe6 22. Rxe6+ fxe6 23. Qd6 Kf7 24. Qd7+ Kf6 25. h4 h6 26. Bd6 Rhe8 27. f4 1-0

[Event "CRO-chT1B 19th"]
[Site "Sibenik"]
[Date "2010.09.07"]
[Round "4"]
[White "Jukic, Zdenko"]
[Black "Mestrovic, Zvonimir"]
[Result "0-1"]
[WhiteElo "2299"]
[BlackElo "2379"]
[PlyCount "62"]
[EventDate "2010.09.04"]
[EventType "team-tourn"]
[EventRounds "9"]
[EventCountry "CRO"]
[SourceTitle "CBM 138 Extra"]
[Source "ChessBase"]
[SourceDate "2010.10.29"]
[SourceVersion "1"]
[SourceVersionDate "2010.10.29"]
[SourceQuality "1"]

1. e4 Nc6 2. d4 d6 3. c3 Nf6 4. f3 e5 5. Be3 d5 6. Bb5 dxe4 7. dxe5 Qxd1+ 8. Kxd1 Nd5 9. Bd4 Bd7 10. fxe4 Nf4 11. g3 Ne6 12. Be3 0-0-0 13. Nf3 Nxe5 14. Bxd7+ Rxd7+ 15. Ke2 Nxf3 16. Kxf3 Bc5 17. Bxc5 Nxc5 18. Na3 Rd3+ 19. Ke2 Re8 20. Rad1 Rxe4+ 21. Kf2 Re6 22. Nc2 Ne4+ 23. Kg2 Rxd1 24. Rxd1 Nxc3 25. Rd2 Ne4 26. Re2 c5 27. b4 b6 28. bxc5 bxc5 29. a3 Kc7 30. Re3 Kc6 31. Rb3 Nd2 0-1

[Event "Zupanja op-A 2nd"]
[Site "Zupanja"]
[Date "2008.01.09"]
[Round "9"]
[White "Dabo Peranic, Robert"]
[Black "Jukic, Zdenko"]
[Result "1-0"]
[WhiteElo "2309"]
[BlackElo "2318"]
[PlyCount "120"]
[EventDate "2008.01.03"]
[EventType "swiss"]
[EventRounds "9"]
[EventCountry "CRO"]
[SourceTitle "CBM 122 Extra"]
[Source "ChessBase"]
[SourceDate "2008.03.04"]
[SourceVersion "1"]
[SourceVersionDate "2008.03.04"]
[SourceQuality "1"]

1. e4 b6 2. d4 Bb7 3. Bd3 g6 4. h4 h5 5. Bg5 Bg7 6. c3 c5 7. d5 d6 8. Qe2 Nd7 9. Nf3 Nh6 10. a4 a6 11. Nfd2 Ng4 12. Bc2 0-0 13. f3 Ngf6 14. 0-0 b5 15. Na3 b4 16. Nac4 a5 17. Bd3 Nh7 18. Nxd6 Nxg5 19. Nxb7 Qb6 20. Nc4 Nxf3+ 21. gxf3 Qxb7 22. e5 Nb6 23. Nxb6 Qxb6 24. Bc4 Kh7 25. f4 f6 26. Qe4 f5 27. Qe3 Rab8 28. Bb5 e6 29. d6 Qd8 30. Qg3 Rf7 31. Kh2 Bh6 32. Kh3 Rfb7 33. c4 Rg7 34. Rg1 Qb6 35. Qe3 Qb7 36. Rae1 Rf8 37. Rgf1 Rfg8 38. Qf3 Qc8 39. Rg1 Qd8 40. Rg2 Qa8 41. Bc6 Qa6 42. b3 Qc8 43. Bb5 Qd8 44. Reg1 Qc8 45. Rg3 Qd8 46. R1g2 Qc8 47. Rf2 Qd8 48. Rf1 Qc8 49. Qc6 Qxc6 50. Bxc6 Rd8 51. Rd3 Ra7 52. Kg3 Bf8 53. Rfd1 Kg7 54. Kf3 Ra6 55. Bb5 Rb6 56. R3d2 Kf7 57. Rg2 Bxd6 58. Rgd2 Ke7 59. exd6+ Rbxd6 60. Rxd6 Rxd6 1-0

[Event "Zupanja op-A 2nd"]
[Site "Zupanja"]
[Date "2008.01.05"]
[Round "4"]
[White "Jukic, Zdenko"]
[Black "Sutkovic, Damir"]
[Result "1/2-1/2"]
[WhiteElo "2318"]
[BlackElo "2318"]
[PlyCount "140"]
[EventDate "2008.01.03"]
[EventType "swiss"]
[EventRounds "9"]
[EventCountry "CRO"]
[SourceTitle "CBM 122 Extra"]
[Source "ChessBase"]
[SourceDate "2008.03.04"]
[SourceVersion "1"]
[SourceVersionDate "2008.03.04"]
[SourceQuality "1"]

1. e4 c5 2. d4 cxd4 3. c3 dxc3 4. Nxc3 Nc6 5. Bc4 e6 6. Nf3 d6 7. 0-0 Nf6 8. Qe2 Be7 9. Rd1 Bd7 10. Nb5 Qb8 11. Bg5 a6 12. Nc3 h6 13. Bh4 b5 14. Bb3 Ra7 15. Rd2 g5 16. Bg3 Nh5 17. e5 Nxg3 18. hxg3 Nxe5 19. Nxe5 dxe5 20. Rad1 Bc6 21. Ne4 Bxe4 22. Qxe4 Kf8 23. Rd7 Kg7 24. g4 Rd8 25. Bc2 Rh8 26. g3 h5 27. gxh5 Rxh5 28. Qg4 Rh8 29. Be4 Kf8 30. Rxe7 Rxe7 31. Qxg5 Qc7 32. Qf6 Kg8 33. Qg5+ Kf8 34. Rc1 Qb8 35. Qf6 Rg8 36. Rc6 Re8 37. Rxa6 Qd8 38. Qxe5 Qg5 39. Qc3 Rd8 40. Kg2 Qd2 41. Qc5+ Kg7 42. Qe5+ Kf8 43. Rxe6 Qg5 44. Qxg5 Rxg5 45. Ra6 Rd2 46. b3 b4 47. Rb6 Ra5 48. Rxb4 Raxa2 49. Kh3 Rxf2 50. Kg4 Kg7 51. Rb7 Rad2 52. Rb4 Kf6 53. Bf3 Kg7 54. Rf4 Rd3 55. b4 f6 56. b5 Rb3 57. Bc6 Rxf4+ 58. gxf4 Kf8 59. Kf5 Ke7 60. Ke4 Rb4+ 61. Ke3 Kd6 62. Kf3 Ke6 63. Ke3 Rb3+ 64. Kd4 Kf5 65. Kd5 Kxf4 66. Kd6 f5 67. Kc7 Ke5 68. b6 Kd4 69. b7 Kc5 70. Bd7 Rxb7+ 1/2-1/2

[Event "Zupanja op-A 2nd"]
[Site "Zupanja"]
[Date "2008.01.04"]
[Round "2"]
[White "Runic, Zoran"]
[Black "Jukic, Zdenko"]
[Result "1/2-1/2"]
[WhiteElo "2452"]
[BlackElo "2318"]
[PlyCount "110"]
[EventDate "2008.01.03"]
[EventType "swiss"]
[EventRounds "9"]
[EventCountry "CRO"]
[SourceTitle "CBM 122 Extra"]
[Source "ChessBase"]
[SourceDate "2008.03.04"]
[SourceVersion "1"]
[SourceVersionDate "2008.03.04"]
[SourceQuality "1"]

1. d4 Nf6 2. Nf3 e6 3. g3 d5 4. Bg2 Nbd7 5. 0-0 Ne4 6. c4 c6 7. Qc2 f5 8. Rd1 Bd6 9. Nc3 0-0 10. b3 Ndf6 11. Ne5 Bxe5 12. dxe5 Ng4 13. Bxe4 fxe4 14. Nxe4 Qe7 15. Ng5 Rf5 16. f4 Qc5+ 17. e3 Nxe5 18. Kg2 h6 19. e4 Rf8 20. Nh3 Ng4 21. e5 Ne3+ 22. Bxe3 Qxe3 23. c5 Bd7 24. Nf2 b6 25. Rac1 Qxc5 26. Qxc5 bxc5 27. Nd3 Kf7 28. Nxc5 Ke7 29. Rd4 a5 30. Na4 Rab8 31. Nc5 Be8 32. Ra4 Rb5 33. a3 Bg6 34. b4 Ra8 35. Nb3 Kd7 36. Kf2 Bf5 37. Ke3 g5 38. Nd4 Rb6 39. Rxa5 Rxa5 40. bxa5 Ra6 41. fxg5 hxg5 42. Rc5 Ra8 43. h4 gxh4 44. gxh4 Rh8 45. a6 Rxh4 46. a7 Rh3+ 47. Nf3 Rh8 48. Nd4 Rh3+ 49. Kf4 Rxa3 50. Nxc6 Ra4+ 51. Kg5 Be4 52. Na5 d4 53. Kf6 d3 54. Nc4 Ra6 55. Nd2 Bd5 1/2-1/2

[Event "CRO-chT 16th"]
[Site "Sibenik"]
[Date "2007.05.19"]
[Round "3"]
[White "Kamenecki, Stjepan"]
[Black "Jukic, Zdenko"]
[Result "1/2-1/2"]
[WhiteElo "1934"]
[BlackElo "2315"]
[PlyCount "97"]
[EventDate "2007.05.17"]
[EventType "team"]
[EventRounds "5"]
[EventCountry "CRO"]
[SourceTitle "CBM 118 Extra"]
[Source "ChessBase"]
[SourceDate "2007.07.04"]
[SourceVersion "1"]
[SourceVersionDate "2007.07.04"]
[SourceQuality "1"]

1. e4 d5 2. exd5 Qxd5 3. Nc3 Qd6 4. Bc4 a6 5. Nge2 b5 6. Bb3 Bb7 7. 0-0 c5 8. d3 Nf6 9. Nf4 Nbd7 10. Re1 g5 11. Nh5 h6 12. Qe2 Qc6 13. Nxf6+ Nxf6 14. f3 e6 15. a4 Bg7 16. Ne4 Nd7 17. axb5 axb5 18. Rxa8+ Bxa8 19. c3 0-0 20. Ng3 Nf6 21. Be3 Rd8 22. Ne4 Nd7 23. Qf2 c4 24. dxc4 bxc4 25. Bc2 Ne5 26. Ra1 Qb5 27. Bd4 f5 28. Nc5 Bd5 29. Qe2 Qxb2 30. Ra7 Nxf3+ 31. gxf3 Bxd4+ 32. cxd4 Qxd4+ 33. Qf2 Qxf2+ 34. Kxf2 Rb8 35. Na4 h5 36. Ke3 f4+ 37. Kf2 g4 38. fxg4 hxg4 39. Bd1 f3 40. Bc2 Rd8 41. Nc5 Bc6 42. Bh7+ Kh8 43. Nxe6 Rd2+ 44. Kg3 f2 45. Nf8 Be8 46. Kg2 c3 47. Ng6+ Bxg6 48. Bxg6 c2 49. Bxc2 1/2-1/2